|
|
|
|
| LEADER |
00000nam0a2200000 4500 |
| 001 |
189153 |
| 005 |
20231101224204.0 |
| 010 |
|
|
|a 9785898468019
|
| 035 |
|
|
|a (RuTPU)RU\TPU\book\205530
|
| 090 |
|
|
|a 189153
|
| 100 |
|
|
|a 20101221d2008 k y0rusy50 ca
|
| 101 |
0 |
|
|a rus
|
| 102 |
|
|
|a RU
|
| 105 |
|
|
|a a z 001zy
|
| 200 |
1 |
|
|a Пространственные задачи деформирования слоистых анизотропных конструкций
|e монография
|f Г. Л. Горынин
|g Югорский государственный университет (ЮГУ); Ханты-Мансийский автономный округ (ХМАО), Департамент образования и науки
|
| 210 |
|
|
|a Ханты-Мансийск
|c Полиграфист
|d 2008
|
| 215 |
|
|
|a 262 с.
|c ил.
|
| 320 |
|
|
|a Библиогр.: с. 251-260.
|
| 330 |
|
|
|a В монографии представлены результаты по исследованию слоистых анизотропных стержней и плит в постановке пространственной задачи теории упругости с помощью метода асимптотического расщепления. Для слоистых плит с произвольной анизотропией построены обобщения уравнений типа Софи Жермен, Тимошенко-Доннелла, Рейсснера и других известных уравнений однородных плит без использования традиционных гипотез и вариационных принципов. Рассмотрены задачи расчета предварительно деформированных и термоупругих слоистых конструкций. Построены пространственные модели для слоистой балки, лежащей на упругом и абсолютно жестком основаниях. Выведены уравнения и приведены результаты исследования пространственных пограничных слоев, возникающих вблизи торцов ортотропных стержней и транверсально-изотропных плит. Книга рассчитана на ученых, работающих в области механики деформируемого твердого тела, динамики и прочности машин, строительной механики, судостроения, авиакосмической техники, а также на аспирантов и студентов вузов.
|
| 606 |
1 |
|
|a Многослойные конструкции
|x Деформация
|x Пространственные задачи
|2 stltpush
|3 (RuTPU)RU\TPU\subj\70246
|9 84637
|
| 610 |
1 |
|
|a слоистые анизотропные конструкции
|
| 610 |
1 |
|
|a деформирование
|
| 610 |
1 |
|
|a продольно-поперечный изгиб
|
| 610 |
1 |
|
|a слоистые стержни
|
| 610 |
1 |
|
|a слоистые балки
|
| 610 |
1 |
|
|a пограничный слой
|
| 610 |
1 |
|
|a кромочный эффект
|
| 610 |
1 |
|
|a динамика
|
| 610 |
1 |
|
|a поперечные колебания
|
| 610 |
1 |
|
|a слоистые плиты
|
| 610 |
1 |
|
|a несущие конструкции
|
| 675 |
|
|
|a 539.3:51
|v 3
|
| 700 |
|
1 |
|a Горынин
|b Г. Л.
|g Глеб Леонидович
|
| 712 |
0 |
2 |
|a Югорский государственный университет (ЮГУ)
|c (Ханты-Мансийск)
|2 stltpush
|3 (RuTPU)RU\TPU\col\14344
|
| 712 |
0 |
1 |
|a Ханты-Мансийский автономный округ (ХМАО)
|b Департамент образования и науки
|2 stltpush
|3 (RuTPU)RU\TPU\col\3769
|
| 801 |
|
1 |
|a RU
|b 63413507
|c 20101221
|
| 801 |
|
2 |
|a RU
|b 63413507
|c 20131203
|g RCR
|
| 942 |
|
|
|c BK
|